Biggest European cities in 10° rectangles, on an empty map - Statistics

General Stats
  • This quiz has been taken 112 times
    90 since last reset
  • The average score is 13 of 22
Answers on the Map
Answers color-coded by a green-red scale on the quiz's map according to % correct below.
 
Answer Stats
Pop City % Correct
14.9 M London
100%
4.85 M Berlin
99%
11.5 M Paris
99%
6.65 M Madrid
96%
19.1 M Moscow
93%
1.53 M Helsinki
91%
239 k Reykjavik
86%
2.50 M Warsaw
86%
272 k Bergen
73%
15.9 M Istanbul
65%
4.05 M Naples
64%
198 k Trondheim
57%
270 k Murmansk
54%
1.60 M Kharkiv
51%
5.65 M Ruhr
47%
1.66 M Nizhny Novgorod
38%
301 k Arkhangelsk
35%
1.37 M Samara
32%
19.8 k Akureyri
27%
14.0 k Tórshavn
22%
33.9 k Ponta Delgada
11%
220 k Syktyvkar
9%
No matching quizzes found
Score Distribution
Percent of People with Each Score
Percentile by Number Answered
Your Score History
You have not taken this quiz since the last reset